• 首页
  • 本馆介绍
  • 公告通知
  • 最新文献
  • 馆藏检索
  • 电子资源
  • 读者导购
  • 参考咨询
  • 我的图书馆
  • 登录
  • 详细信息显示
  • 放入我的书架
  • 预约/预借图书
  • 作者相关作品
  • 分类相关作品
  • 丛书相关作品
  • 出版社相关作品

书目信息

  • 表格格式
  • 工作单格式
  • 卡片格式
题名:
振动理论
    
 
作者: 维特 , 哈依金 , 安德罗诺夫 著
分册: 上册  
出版信息: 北京   科学出版社  1973.11
页数: 378页
开本: 21cm
丛书名:
单 册:
中图分类: O32
科图分类:
主题词: 振动理论
电子资源:
ISBN:
000 00607nam0 2200217 45
001 0405181088
005 20060731090644.65
010    @dCNY1.50
091    @a13031.127
100    @a20040518d1973 km y0chiy0120 ea
101 0  @achi@crus
200 1  @a振动理论@h上册@AZhen Dong Li Lun@f(苏)安德罗诺夫,维特,哈依金著@F(Su)An De Luo Nuo Fu,Wei Te,Ha Yi Jin Zhu
210    @a北京@c科学出版社@d1973.11
215    @a378页@d21cm
606 0  @a振动理论
690    @aO32@v3
701  0 @a维特@4著
701  0 @a哈依金@4著
701  0 @a安德罗诺夫@4著
801    @aCN@bPftUser@c20060731
905    @f3@b11358-360@dO32@e2:1
    
    振动理论.上册/(苏)安德罗诺夫,维特,哈依金著.-北京:科学出版社,1973.11
    378页;21cm
    
    
    ISBN :CNY1.50
    
●
相关链接 在E读中查询图书 在五车中查询图书 在当当中查询图书 在豆瓣中查询图书


正题名:振动理论     索取号:O32/2:1         预约/预借

序号 登录号 条形码 馆藏地/架位号 状态 备注
1 0011358   000384042   第三借阅区/ [索取号:O32/2:1] 在馆    
2 0011359   000384051   第二样本阅览室/ [索取号:O32/2:1] 在馆    
3 0011360   000384033   密集书库/ [索取号:O32/2:1] 在馆    
4 0434009   204340098   密集书库/ [索取号:O32/2:1] 在馆    
唐山师范学院图书馆 欢迎您!
大连网信软件有限公司© 版权所有